[Event "Cesme op-A 11th"]
[Site "Izmir"]
[Date "2025.06.23"]
[Round "1"]
[White "Alexakis, Dimitris"]
[Black "Aslanov, Umid Fuad"]
[Result "1-0"]
[WhiteElo "2532"]
[BlackElo "2298"]
[PlyCount "88"]
[EventDate "2025.06.23"]
[EventType "swiss"]
[EventRounds "9"]
[EventCountry "TUR"]
[SourceTitle "CB27_2025"]
[SourceDate "2025.07.02"]
[SourceVersion "1"]
[SourceVersionDate "2025.07.02"]
[SourceQuality "1"]

1. e4 c5 2. Nf3 d6 3. d4 cxd4 4. Nxd4 Nf6 5. Nc3 Nc6 6. Bg5 e6 7. Qd3 Be7 8. 0-0-0 0-0 9. h4 a6 10. Be2 Bd7 11. Qg3 Ne8 12. Nxc6 bxc6 13. e5 d5 14. f4 f6 15. exf6 Bxf6 16. Bd3 Qb6 17. h5 Rb8 18. Bxf6 Rxf6 19. b3 Nd6 20. Rh4 Be8 21. h6 g6 22. Na4 Qa7 23. Qe1 Qe7 24. g3 c5 25. Nxc5 Bb5 26. Rh2 Rc8 27. a4 Rxc5 28. axb5 Nxb5 29. Kb2 Nd4 30. Qe3 Nc6 31. Ra1 a5 32. Re2 Nb4 33. c3 Nc6 34. Bc2 Rb5 35. g4 d4 36. cxd4 Qd6 37. Ra4 Rb4 38. Rxb4 axb4 39. d5 exd5 40. f5 Rf7 41. Qe6 Qxe6 42. Rxe6 Nd4 43. Re8+ Rf8 44. Rxf8+ Kxf8 1-0

[Event "Titled Tuesday intern op 06th May Early"]
[Site "Chess.com INT"]
[Date "2025.05.06"]
[Round "10"]
[White "Aslanov, Umid Fuad"]
[Black "Maghsoodloo, Parham"]
[Result "0-1"]
[WhiteElo "2324"]
[BlackElo "2706"]
[PlyCount "98"]
[EventDate "2025.05.06"]
[EventType "swiss (blitz)"]
[EventRounds "11"]
[EventCountry "USA"]
[SourceTitle "CB20_2025"]
[SourceDate "2025.05.14"]
[SourceVersion "1"]
[SourceVersionDate "2025.05.14"]
[SourceQuality "1"]

1. e4 c5 2. Nf3 d6 3. d4 cxd4 4. Nxd4 Nf6 5. Nc3 a6 6. Bc4 e6 7. Bb3 Nbd7 8. f4 Nc5 9. e5 Nxb3 10. axb3 dxe5 11. fxe5 Bc5 12. Ndb5 Nd5 13. Nxd5 exd5 14. Qxd5 Qxd5 15. Nc7+ Kd7 16. Nxd5 Kc6 17. Nc3 Bf5 18. Bd2 Rhe8 19. 0-0-0 Rxe5 20. Bf4 Ree8 21. Rhe1 Rxe1 22. Rxe1 Rd8 23. h3 h5 24. Re5 g6 25. Ne4 Bf8 26. h4 Rd4 27. Ng5 Rxf4 28. Nxf7 Rf1+ 29. Kd2 Rf2+ 30. Ke3 Rxc2 31. Re8 Bc5+ 32. Kf4 Rf2+ 33. Kg5 Rxg2+ 34. Kh6 Rxb2 35. Ne5+ Kb5 36. Rb8 b6 37. Nf7 Rxb3 38. Ng5 a5 39. Rc8 a4 40. Rc7 a3 41. Ra7 Bb4 42. Nf7 Ba5 43. Nd6+ Kb4 44. Rc7 Bd3 45. Rf7 a2 46. Rf4+ Ka3 47. Kh7 a1Q 48. Re4 Bxe4 49. Nxe4 Qd4 0-1

[Event "Titled Tuesday intern op 06th May Early"]
[Site "Chess.com INT"]
[Date "2025.05.06"]
[Round "9"]
[White "Pichot, Alan"]
[Black "Aslanov, Umid Fuad"]
[Result "0-1"]
[WhiteElo "2587"]
[BlackElo "2324"]
[PlyCount "82"]
[EventDate "2025.05.06"]
[EventType "swiss (blitz)"]
[EventRounds "11"]
[EventCountry "USA"]
[SourceTitle "CB20_2025"]
[SourceDate "2025.05.14"]
[SourceVersion "1"]
[SourceVersionDate "2025.05.14"]
[SourceQuality "1"]

1. e4 c5 2. Nf3 d6 3. d4 cxd4 4. Nxd4 Nf6 5. Nc3 Nc6 6. Be2 g6 7. 0-0 Bg7 8. Be3 0-0 9. Nb3 Be6 10. f4 a6 11. Bf3 Rc8 12. Nd5 Bxd5 13. exd5 Na5 14. Nxa5 Qxa5 15. c3 b5 16. Qb3 Nd7 17. Rfe1 Nb6 18. Rad1 Nc4 19. Bf2 Qa4 20. Re2 Rb8 21. g3 Rfe8 22. Rde1 Kf8 23. g4 Na5 24. Qb4 Qxa2 25. b3 Qxb3 26. Qxa5 Bxc3 27. Re3 Bxa5 28. Rxb3 Bxe1 29. Bxe1 Rec8 30. Be2 Rc5 31. Kf2 Rxd5 32. Ke3 Rc5 33. Bb4 Rc1 34. Ra3 Rb1 35. Bd2 b4 36. Rxa6 Rb3+ 37. Kd4 Rb2 38. Kd3 Rb3+ 39. Kc2 Rh3 40. Rc6 b3+ 41. Kb2 Rxh2 0-1

[Event "EU-ch 25th"]
[Site "Eforie Nord"]
[Date "2025.03.18"]
[Round "4"]
[White "Veleski, Robert"]
[Black "Aslanov, Umid Fuad"]
[Result "1/2-1/2"]
[WhiteElo "2093"]
[BlackElo "2274"]
[PlyCount "179"]
[EventDate "2025.03.15"]
[EventType "swiss"]
[EventRounds "11"]
[EventCountry "ROU"]
[SourceTitle "CB13_2025"]
[SourceDate "2025.03.26"]
[SourceVersion "1"]
[SourceVersionDate "2025.03.26"]
[SourceQuality "1"]

1. d4 d5 2. c4 e6 3. Nf3 Nf6 4. g3 Bb4+ 5. Bd2 Bd6 6. Bg2 c6 7. Qb3 0-0 8. 0-0 Ne4 9. Bb4 b6 10. Bxd6 Nxd6 11. cxd5 cxd5 12. Rc1 Bb7 13. Na3 Nc6 14. e3 f6 15. Bh3 Kf7 16. Rc2 Qe7 17. Rac1 Rfc8 18. Qc3 a6 19. Qe1 b5 20. Bf1 Kg8 21. Nb1 a5 22. Rc5 b4 23. Nbd2 Qd7 24. Bd3 a4 25. Qf1 Na5 26. Qh3 g6 27. Qh6 b3 28. axb3 axb3 29. Qf4 Qe7 30. g4 g5 31. Qg3 Rxc5 32. Rxc5 Nac4 33. Nxb3 Nxb2 34. Bb1 Nbc4 35. h4 gxh4 36. Qxh4 Ba6 37. g5 f5 38. Bd3 Ne4 39. Bxe4 fxe4 40. Nfd2 Rf8 41. Qg3 Rf5 42. Qb8+ Qf8 43. Qxf8+ Kxf8 44. Rc6 Rxg5+ 45. Kh2 Nxd2 46. Nxd2 Be2 47. Rxe6 Kf7 48. Re5 Rxe5 49. dxe5 Ke6 50. Nb3 Kxe5 51. Nd4 Bg4 52. Kg3 h5 53. Nc2 Kd6 54. Ne1 Bd1 55. Ng2 Ke6 56. Nh4 Bg4 57. Ng6 Kf5 58. Ne7+ Ke6 59. Ng6 Bd1 60. Kf4 Kf6 61. Nh4 Bg4 62. Ng2 Bh3 63. Nh4 Bf1 64. Nf5 Be2 65. Nh4 Ke6 66. Nf5 Kf6 67. Nh4 Bg4 68. Ng2 Ke6 69. Nh4 Kd6 70. Ng6 Kc5 71. Kg5 Bd1 72. Nf4 Kc4 73. Kh4 Bf3 74. Kg3 d4 75. exd4 Kxd4 76. Ng6 Kd3 77. Nh4 Ke2 78. Ng6 Kf1 79. Nh4 Bd1 80. Ng2 Kg1 81. Nh4 Bc2 82. Ng2 Bb3 83. Nh4 Be6 84. Ng2 Kf1 85. Nh4 Bg4 86. Ng2 Bd1 87. Nh4 Ke2 88. Ng2 Kd3 89. Nh4 Kd4 90. Kf4 1/2-1/2

[Event "Titled Tuesday intern op 04th Mar Early"]
[Site "Chess.com INT"]
[Date "2025.03.04"]
[Round "8"]
[White "Aslanov, Umid Fuad"]
[Black "Purtseladze, Maka"]
[Result "1-0"]
[WhiteElo "2274"]
[BlackElo "2261"]
[PlyCount "79"]
[EventDate "2025.03.04"]
[EventType "swiss (blitz)"]
[EventRounds "11"]
[EventCountry "USA"]
[SourceTitle "CB11_2025"]
[SourceDate "2025.03.12"]
[SourceVersion "1"]
[SourceVersionDate "2025.03.12"]
[SourceQuality "1"]

1. e4 c6 2. d4 d5 3. Nd2 g6 4. h3 Bg7 5. Ngf3 Nh6 6. c3 0-0 7. Bd3 f6 8. 0-0 Nf7 9. Re1 Nd7 10. exd5 cxd5 11. c4 Nb6 12. c5 Nd7 13. Qb3 Nb8 14. Nb1 Nc6 15. Nc3 e6 16. Bd2 f5 17. Ne2 e5 18. dxe5 Nfxe5 19. Nxe5 Nxe5 20. Nf4 Nxd3 21. Qxd3 d4 22. Re2 Bd7 23. Rae1 Re8 24. Qc4+ Kh8 25. Rxe8+ Bxe8 26. Ne6 Bf7 27. Nxd8 Bxc4 28. Nxb7 Bxa2 29. Nd6 Bd5 30. b4 Kg8 31. b5 Kf8 32. c6 Kg8 33. c7 Bf8 34. c8Q Rxc8 35. Nxc8 Bc4 36. Nxa7 Bc5 37. Nc6 Bxb5 38. Re5 Bxc6 39. Rxc5 Be4 40. Rc4 1-0

[Event "AZE-ch 1st League"]
[Site "Baku"]
[Date "2025.01.11"]
[Round "6"]
[White "Aslanov, Umid Fuad"]
[Black "Atakishiyev, Elmar"]
[Result "1/2-1/2"]
[WhiteElo "2250"]
[BlackElo "2408"]
[PlyCount "61"]
[EventDate "2025.01.06"]
[EventType "swiss"]
[EventRounds "9"]
[EventCountry "AZE"]
[SourceTitle "CB03_2025"]
[SourceDate "2025.01.15"]
[SourceVersion "1"]
[SourceVersionDate "2025.01.15"]
[SourceQuality "1"]

1. e4 c5 2. Nf3 d6 3. d4 cxd4 4. Nxd4 Nf6 5. Nc3 a6 6. Bc4 e6 7. Bb3 Nbd7 8. f4 Nc5 9. e5 dxe5 10. fxe5 Nxb3 11. axb3 Bc5 12. Nxe6 Bxe6 13. Qxd8+ Rxd8 14. exf6 gxf6 15. Ne4 Bd4 16. c3 Bd5 17. cxd4 Bxe4 18. 0-0 Rg8 19. g3 Rxd4 20. Rxf6 Ke7 21. Rf1 Rd3 22. b4 Rb3 23. Ra5 Ke6 24. Bf4 f5 25. Re5+ Kf6 26. b5 Rxb5 27. Rxb5 axb5 28. Rd1 Re8 29. Rd6+ Re6 30. Rxe6+ Kxe6 31. b4 1/2-1/2

[Event "EU-ch 24th"]
[Site "Petrovac"]
[Date "2024.11.17"]
[Round "9"]
[White "Aslanov, Umid Fuad"]
[Black "Bournel, Antoine"]
[Result "0-1"]
[WhiteElo "2222"]
[BlackElo "2403"]
[PlyCount "70"]
[EventDate "2024.11.08"]
[EventType "swiss"]
[EventRounds "11"]
[EventCountry "MNE"]
[SourceTitle "CB47_2024"]
[SourceDate "2024.11.20"]
[SourceVersion "1"]
[SourceVersionDate "2024.11.20"]
[SourceQuality "1"]

1. e4 c5 2. Nf3 e6 3. d4 cxd4 4. Nxd4 Nc6 5. Nc3 Qc7 6. g3 Nf6 7. Bg2 Nxd4 8. Qxd4 Bc5 9. Bf4 d6 10. Qd2 e5 11. Bg5 Bb4 12. 0-0 Bxc3 13. bxc3 Nd7 14. Rfd1 h6 15. Be3 Ke7 16. a4 Nb6 17. Bf1 Be6 18. a5 Nc4 19. Bxc4 Bxc4 20. f4 Rhc8 21. Rab1 Qc6 22. Rb4 Ba6 23. Rb3 Rd8 24. Qf2 f6 25. Qf3 Kf8 26. Bf2 Kg8 27. f5 Bc4 28. Rb4 d5 29. Rdb1 Rd7 30. Be3 dxe4 31. Qg4 Ba2 32. R1b2 Qxc3 33. Bxh6 e3 34. Qe2 gxh6 35. Rxb7 Rxb7 0-1

[Event "Titled Tuesday intern op 27th Aug Early"]
[Site "Chess.com INT"]
[Date "2024.08.27"]
[Round "6"]
[White "Thorhallsson, Simon"]
[Black "Aslanov, Umid Fuad"]
[Result "0-1"]
[WhiteElo "2181"]
[BlackElo "2148"]
[PlyCount "110"]
[EventDate "2024.08.27"]
[EventType "swiss (blitz)"]
[EventRounds "11"]
[EventCountry "USA"]
[SourceTitle "EXT 2025"]
[Source "ChessBase"]
[SourceDate "2024.10.14"]
[SourceVersion "1"]
[SourceVersionDate "2024.10.14"]
[SourceQuality "1"]

1. d4 d5 2. c4 e6 3. Nf3 Nf6 4. g3 Bb4+ 5. Bd2 Be7 6. Bg2 0-0 7. 0-0 c6 8. Qc2 Nbd7 9. Bg5 h6 10. Bxf6 Nxf6 11. Nbd2 b6 12. e4 Bb7 13. exd5 exd5 14. Ne5 c5 15. dxc5 Bxc5 16. Rad1 Qc7 17. Nd3 dxc4 18. Nxc5 Bxg2 19. Kxg2 Qxc5 20. Qxc4 Rac8 21. Qxc5 Rxc5 22. Nf3 Rc2 23. Rd2 Rxd2 24. Nxd2 Rc8 25. Re1 Rc2 26. Ne4 Nxe4 27. Rxe4 Rxb2 28. a4 Kf8 29. Rc4 a5 30. Rc7 Rb3 31. h4 g6 32. Rb7 Kg7 33. Kh2 Kf6 34. Kg2 Ke6 35. Kh2 h5 36. Kg2 Rb2 37. Kf3 Rb3+ 38. Kg2 Rb4 39. Kf3 f6 40. Kg2 Kf5 41. Kf3 Rb3+ 42. Kg2 Rb1 43. Kf3 Rb4 44. Rb8 Ke5 45. Rb7 g5 46. hxg5 fxg5 47. Kg2 h4 48. gxh4 gxh4 49. Rb8 Kd5 50. Kh3 Kc6 51. Rc8+ Kb7 52. Rc1 Rxa4 53. Rf1 Rf4 54. f3 a4 55. Kg2 b5 0-1

[Event "Spilimbergo op 22nd"]
[Site "Spilimbergo"]
[Date "2024.08.09"]
[Round "1"]
[White "Martinovici, Ilie"]
[Black "Aslanov, Umid Fuad"]
[Result "1-0"]
[WhiteElo "2439"]
[BlackElo "2148"]
[PlyCount "89"]
[EventDate "2024.08.09"]
[EventType "swiss"]
[EventRounds "9"]
[EventCountry "ITA"]
[SourceTitle "EXT 2025"]
[Source "ChessBase"]
[SourceDate "2024.10.14"]
[SourceVersion "1"]
[SourceVersionDate "2024.10.14"]
[SourceQuality "1"]

1. d4 d5 2. c4 e6 3. Nc3 Be7 4. Bf4 Nf6 5. e3 0-0 6. Nf3 Nbd7 7. h3 c5 8. dxc5 Nxc5 9. cxd5 Nxd5 10. Nxd5 exd5 11. Be5 Ne4 12. a3 Qa5+ 13. b4 Qb6 14. Qxd5 Bf5 15. Qd4 Qg6 16. g4 Rfd8 17. Qb2 Be6 18. Bg2 Bc4 19. Bd4 Qa6 20. Bxg7 Bh4 21. Nxh4 Rd2 22. Bxe4 Rxb2 23. Bxb2 Re8 24. Rd1 Qa4 25. Bb1 a5 26. b5 Qxb5 27. Rd2 Qc6 28. Rg1 Qb6 29. Nf5 Rd8 30. Rxd8+ Qxd8 31. Bd4 Qf8 32. f4 Qxa3 33. Kf2 Bd3 34. Kg3 f6 35. Bxd3 Qxd3 36. Rc1 Qd2 37. Rc8+ Kf7 38. Rc7+ Ke6 39. e4 Qe1+ 40. Bf2 Qb4 41. Re7+ Qxe7 42. Nxe7 Kxe7 43. Kf3 Kd6 44. Ke2 a4 45. Kd3 1-0

[Event "Novi Banovci op"]
[Site "Novi Banovci"]
[Date "2024.08.06"]
[Round "7"]
[White "Milosevic, Milos"]
[Black "Aslanov, Umid Fuad"]
[Result "1/2-1/2"]
[WhiteElo "2315"]
[BlackElo "2148"]
[PlyCount "59"]
[EventDate "2024.08.02"]
[EventType "swiss"]
[EventRounds "9"]
[EventCountry "SRB"]
[SourceTitle "CBM 221 Extra"]
[Source "ChessBase"]
[SourceDate "2024.09.30"]
[SourceVersion "1"]
[SourceVersionDate "2024.09.30"]
[SourceQuality "1"]

1. e4 c5 2. Nf3 d6 3. d4 cxd4 4. Nxd4 Nf6 5. Nc3 a6 6. Be2 e5 7. Nb3 Be7 8. Be3 Be6 9. Nd5 Bxd5 10. exd5 0-0 11. 0-0 Nbd7 12. a4 h6 13. a5 Nh7 14. f4 exf4 15. Bxf4 Qc7 16. Kh1 Bf6 17. c3 Be5 18. Nd4 Rae8 19. Nf5 Bxf4 20. Rxf4 Nhf6 21. c4 Re4 22. Qc1 Rfe8 23. Bd3 Rxf4 24. Qxf4 Ne5 25. Bf1 Qc5 26. h3 Ng6 27. Qd4 Qxd4 28. Nxd4 Ne4 29. Kh2 Ne5 30. Ra4 1/2-1/2

[Event "Novi Banovci op"]
[Site "Novi Banovci"]
[Date "2024.08.04"]
[Round "3"]
[White "Yeruultei, Batbaatar"]
[Black "Aslanov, Umid Fuad"]
[Result "1-0"]
[WhiteElo "1957"]
[BlackElo "2148"]
[PlyCount "67"]
[EventDate "2024.08.02"]
[EventType "swiss"]
[EventRounds "9"]
[EventCountry "SRB"]
[SourceTitle "CBM 221 Extra"]
[Source "ChessBase"]
[SourceDate "2024.09.30"]
[SourceVersion "1"]
[SourceVersionDate "2024.09.30"]
[SourceQuality "1"]

1. Nf3 d5 2. g3 Nf6 3. Bg2 c6 4. c4 Bg4 5. Qb3 Bxf3 6. Bxf3 Qd7 7. d4 e6 8. 0-0 Be7 9. Nc3 0-0 10. Rd1 dxc4 11. Qxc4 b5 12. Qd3 Na6 13. e4 Rfd8 14. Bg5 h6 15. Bf4 Rac8 16. a3 g5 17. Be3 Nc5 18. Qc2 Nb7 19. e5 Nd5 20. Qe4 Na5 21. h4 Nxe3 22. fxe3 Nc4 23. Bh5 Rf8 24. b3 Nxa3 25. Rf1 b4 26. Rxf7 Rxf7 27. Bxf7+ Kxf7 28. Qh7+ Ke8 29. Qg8+ Bf8 30. Rf1 Qe7 31. Ne4 Nb5 32. Rf6 Kd7 33. Rf7 Nc3 34. Nc5+ 1-0